Multiple Choice City Quiz – Zagreb - Statistics

General Stats
  • This quiz has been taken 72 times
    71 since last reset
  • The average score is 7 of 10
Answer Stats
Question Answer % Correct
Which of these shows Zagreb County?
95%
What country’s army, known as ARSK, launched rocket attacks on Zagreb in 1995? Serbia
92%
Which of these nations was Zagreb NEVER a part of? Soviet Union
87%
What is the most common religion in Zagreb? Roman Catholicism
76%
What river runs through Zagreb? Sava
76%
Named after a 19th-century ruler, what is the name of Zagreb’s town square? Ban Jelačić Square
73%
What North American professional sports league has had half a dozen players from Zagreb? National Basketball Association
63%
What do local fashion shops claim originated in Zagreb? Necktie
62%
What empire tried and failed to conquer Zagreb in 1241? Mongolian
46%
What’s the oldest part of Zagreb, founded in 1094 as the seat of the region's bishop? Kaptol
33%
No matching quizzes found
Score Distribution
Percent of People with Each Score
Percentile by Number Answered
Your Score History
You have not taken this quiz since the last reset